000 00469nam a2200145Ia 4500
008 100204s9999 xx 000 0 und d
082 _b6129
100 _aलागू चिंतामणी
245 _aअखेरची इच्छा
260 _b"उदयदीप प्रकाशन , मुंबई"
_c1984
300 _a171
630 _aअखेरची इच्छा
730 _aअखेरची इच्छा
942 _cBOOK
999 _c450620
_d450617